• 首页
  • 本馆介绍
  • 公告通知
  • 最新文献
  • 馆藏检索
  • 电子资源
  • 读者导购
  • 参考咨询
  • 我的图书馆
  • 登录
  • 详细信息显示
  • 放入我的书架
  • 预约/预借图书
  • 作者相关作品
  • 分类相关作品
  • 丛书相关作品
  • 出版社相关作品

书目信息

  • 表格格式
  • 工作单格式
  • 卡片格式
题名:
医学家谈吸烟的危害
    
 
作者: ;人民卫生出版社 编
分册:  
出版信息: 北京   人民卫生出版社  1981.04
页数: 55页
开本: 19cm
丛书名:
单 册:
中图分类: R163
科图分类:
主题词: 个人卫生
电子资源:
ISBN:
000 00582nam0 2200205 45
001 0204180889
005 20060629161209.15
010    @dCNY0.15
091    @a14048.3966
100    @a20020418d1981 km y0chiy0120 ea
101 0  @achi
105    @a z 000yy
200 1  @a医学家谈吸烟的危害@AYi Xue Jia Tan Xi Yan De Wei Hai@f本社编@FBen She Bian
210    @a北京@c人民卫生出版社@d1981.04
215    @a55页@d19cm
606 0  @a个人卫生
690    @aR163@v3
711 02 @a人民卫生出版社@ARen Min Wei Sheng Chu Ban She@4编
801    @aCN@bTSTC@c20060629
905    @f1@b41778@dR163@e58
    
    医学家谈吸烟的危害/本社编.-北京:人民卫生出版社,1981.04
    55页;19cm
    
    
    ISBN :CNY0.15
    
●
相关链接 在E读中查询图书 在五车中查询图书 在当当中查询图书 在豆瓣中查询图书


正题名:医学家谈吸烟的危害     索取号:R163/58         预约/预借

序号 登录号 条形码 馆藏地/架位号 状态 备注
1 0041777   202187427   密集书库/ [索取号:R163/58] 在馆    
2 0041778   001789835   密集书库/ [索取号:R163/58] 在馆    
唐山师范学院图书馆 欢迎您!
大连网信软件有限公司© 版权所有